| 000 | 00832cam a22002894a 4500 | ||
|---|---|---|---|
| 001 | 14138798 | ||
| 003 | OSt | ||
| 005 | 20140310181726.0 | ||
| 008 | 051012s2007 ohua b 001 0 eng | ||
| 010 | _a 2005935616 | ||
| 020 | _a0324360851 | ||
| 040 |
_aDLC _cDLC |
||
| 042 | _apcc | ||
| 050 | 0 | 0 |
_aHD 31 _b.L673 2007 |
| 082 |
_aIB 658 _bL58 2007 |
||
| 100 | _aLewis, Pamela S. | ||
| 245 | 0 | 0 |
_aManagement : _bchallenges for tomorrow's leaders / _cPamela S. Lewis ... [et al.]. |
| 250 | _a5th ed. | ||
| 260 |
_aMason, OH : _bThomson/South-Western, _c2007. |
||
| 300 |
_axxi, 553 p. : _bill. col. ; _c28 cm. |
||
| 650 | 0 | _aManagement. | |
| 700 | 1 |
_aLewis, Pamela S. _tManagement. |
|
| 906 |
_a7 _bcbc _corignew _d3 _eepcn _f20 _gy-gencatlg |
||
| 942 |
_2lcc _cBK |
||
| 999 |
_c2185 _d2185 |
||